000 00436nam a2200181Ia 4500
001 4919
005 20260306145830.0
008 260306t2016||||xx |||||||||||||| ||spa||
041 _aESP
082 _a331.21
_bT69
100 _aToyama Miyagusuku, Jorge
_eAUT
245 0 _aRemuneraciones y beneficios sociales
260 _c2016
300 _a174 páginas :
_c24 cm.
650 _aGEN
654 _aCAN
942 _cLIB
_dJUS
_fJUS
_2ddc
_n
999 _c4919
_d4919